| 000 | 00000nam##2200000za#4500 |
| 001 | 9.695422 |
| 003 | CaOODSP |
| 005 | 20210624234553 |
| 007 | cr ||||||||||| |
| 008 | 150407|2000||||xxc|||||o f|0| 0 eng|d |
| 040 | |aCaOODSP|beng |
| 043 | |an-cn--- |
| 086 | 1 |aH49-138/2000E-PDF |
| 110 | 1 |aCanada. |bHealth Canada. |
| 245 | 14|aThe prevention and management of asthma in Canada : |h[electronic resource]|ba major challenge now and in the future : a report from the National Asthma Control Task Force |
| 260 | |aOttawa - Ontario : |bHealth Canada |cc2000. |
| 300 | |a75p.|bgraphs, tables |
| 500 | |aThe catalogue number (H49-138/2000E) and ISBN (0-662-28953-6) for the print edition have been incorrectly copied in this electronic publication. |
| 504 | |aBibliography. |
| 590 | |a12-15-Supp|b2012-04-13 |
| 690 | 07|aRespiratory diseases|2gcpds |
| 710 | 2 |aNational Asthma Control Task Force. |
| 775 | 08|tPrévention et prise en charge de l'asthme au Canada : |w(CaOODSP)9.639558 |
| 776 | 0#|tThe prevention and management of asthma in Canada : |w(CaOODSP)9.647734 |
| 856 | 40|ahttp://publications.gc.ca|qPDF|s610 KB|uhttps://publications.gc.ca/collections/Collection/H49-138-2000E.pdf |